Header

El amor es imposible : (Registro nro. 54150)

Detalles MARC
000 -LEADER
campo de control de longitud fija 02253nam a2200253 a 4500
001 - NÚMERO DE CONTROL
campo de control 54150
003 - IDENTIFICADOR DE NÚMERO DE CONTROL
campo de control AR-BaAGN
005 - FECHA Y HORA DE LA ÚLTIMA TRANSACCIÓN
campo de control 20240430113632.0
007 - CAMPO FIJO DE DESCRIPCIÓN FÍSICA--INFORMACIÓN GENERAL
campo de control de longitud fija ta
008 - DATOS DE LONGITUD FIJA--INFORMACIÓN GENERAL
campo de control de longitud fija s ag |||||r|||| ||| ||spa d
020 ## - NÚMERO INTERNACIONAL ESTÁNDAR DEL LIBRO
Número Internacional Estándar del Libro 9789501204070
040 ## - FUENTE DE CATALOGACIÓN
Centro catalogador/agencia de origen AR-BaAGN
Lengua de catalogación español
Normas de descripción aacr
942 ## - ELEMENTOS DE ENTRADA SECUNDARIOS (KOHA)
Tipo de ítem Koha Libro
Prefijo de la signatura AGN
Suprimir en OPAC No
100 1# - ENTRADA PRINCIPAL--NOMBRE DE PERSONA
Nombre de persona Sztajnszrajber, Darío,
Fechas asociadas al nombre 1968-
ID autoridades 2700
245 13 - MENCIÓN DEL TÍTULO
Título El amor es imposible :
Resto del título ocho tesis filosóficas /
Mención de responsabilidad, etc. Darío Sztajnszrajber.
260 ## - PUBLICACIÓN, DISTRIBUCIÓN, ETC.
Lugar de publicación, distribución, etc. C.A.B.A. :
Nombre del editor, distribuidor, etc. Paidós,
Fecha de publicación, distribución, etc. 2023.
300 ## - DESCRIPCIÓN FÍSICA
Extensión 376 p. ;
Dimensiones 23 cm.
336 ## - TIPO DE CONTENIDO
Código de tipo de contenido texto
Fuente rdacontent
337 ## - TIPO DE MEDIO
Código del tipo de medio no mediado
Fuente rdamedia
338 ## - TIPO DE SOPORTE
Código del tipo de soporte volumen
Fuente rdacarrier
520 3# - RESUMEN, ETC.
Sumario, etc. ¿Qué significa que el único amor verdadero sea el amor imposible? ¿Es el amor lo que suponemos que es? O antes que eso, ¿es lo imposible aquello definido como lo inalcanzable, lo inconsumable, lo inenarrable? ¿Y si fueran las preguntas lo que hay que cambiar porque es en la imposibilidad del encuentro amoroso donde radica su verdad? Este libro es una propuesta de deconstrucción radical sobre uno de los eventos más radicales de nuestra existencia. Ocho tesis que tienen el arrojo de devenir en una serie de desvelos, nuevas intuiciones, destellos que nos inviten a temblar. Es la puesta en página de una práctica política concreta, que increpa a ese amor comercial, romántico, que se nos vende como dominante, como único y normativo. Es ir a martillazos contra esa arquitectura sentimental sostenida por el sentido común, por definiciones y naturalezas forzadas. Y entonces, sí: categorías cristalizadas como la pareja, la familia, la media naranja y el primer amor, entre otras, son puestas en evidencia, caen bajo su propio peso: se rompen. El amor es imposible conduce al insomnio, y de ahí a una revolución íntima y perturbadora comandada por el deseo genuino de la intranquilidad: no queremos estar en donde estamos. Un trabajo de años, de lecturas y de diálogos en el que Darío Sztajnszrajber pone una vez más, al alcance de quienes estén dispuestos a jugar el juego, las herramientas de la filosofía para desandar lo andado, rebelarse y exigir siempre, aunque suene a destiempo y desubicado, animarse a lo imposible. (Descripción del editor).
650 #4 - PUNTO DE ACCESO ADICIONAL DE MATERIA--TÉRMINO DE MATERIA
Término de materia o nombre geográfico como elemento de entrada AMOR
ID autoridades 2315
650 #4 - PUNTO DE ACCESO ADICIONAL DE MATERIA--TÉRMINO DE MATERIA
Término de materia o nombre geográfico como elemento de entrada FILOSOFÍA
ID autoridades 1702
Existencias
Estado de retiro Estado de pérdida Fuente del sistema de clasificación o colocación Estado de conservación Biblioteca actual Ubicación en estantería Signatura topográfica completa Código de barras Tipo de ítem Koha
    Clasificación Decimal Dewey   Biblioteca del Archivo General de la Nación AGN - Biblioteca AGN 22009 670 Libro

Contacto

Dirección: Av. Leandro Alem 246, 3er piso (CABA).
Código postal: C1003AAP
Teléfono: 2206-0013
Correo electrónico: comunicacionagn@mininterior.gob.ar
Sitio Web: www.argentina.gob.ar/interior/archivo-general-de-la-nacion

AGN en las redes sociales

Facebook  /  Twitter  /  Instagram